Actors who worked with Francis Ford Coppola - Statistics

General Stats
  • This quiz has been taken 66 times
    28 since last reset
  • The average score is 27 of 88
Answer Stats
Films Answer % Correct
The Godfather, The Godfather: Part II, The Godfather: Part III Al Pacino
100%
The Godfather, Apocalypse Now Marlon Brando
94%
The Godfather, The Godfather: Part II, Apocalypse Now Robert Duvall
94%
The Godfather: Part II Robert De Niro
88%
The Godfather, The Godfather: Part II James Caan
81%
The Godfather, The Godfather: Part II, The Conversation John Cazale
81%
Apocalypse Now Martin Sheen
81%
Rumble Fish, Peggy Sue Got Married, The Cotton Club Nicolas Cage
81%
The Godfather, The Godfather: Part II, The Godfather: Part III, Rumble Fish, Peggy Sue Got Married Sofia Coppola
81%
The Godfather, The Godfather: Part II, The Godfather: Part III Diane Keaton
75%
The Godfather, The Godfather: Part II Roman Coppola
75%
The Outsiders Tom Cruise
75%
Megalopolis Adam Driver
69%
The Outsiders Emilio Estevez
69%
Dracula Gary Oldman
69%
The Conversation Gene Hackman
69%
Dracula Keanu Reeves
69%
The Rainmaker Matt Damon
69%
The Godfather: Part III Andy Garcia
63%
Dracula Anthony Hopkins
63%
Megalopolis Aubrey Plaza
63%
Apocalypse Now Harrison Ford
63%
Tucker: The Man and His Dream Jeff Bridges
63%
The Outsiders Patrick Swayze
63%
The Godfather, The Godfather: Part II, The Godfather: Part III, Megalopolis Talia Shire
63%
Dracula Winona Ryder
63%
The Rainmaker Danny DeVito
56%
Jack Robin Williams
56%
Peggy Sue Got Married Kathleen Turner
50%
The Outsiders Rob Lowe
50%
Megalopolis Dustin Hoffman
44%
The Godfather Sterling Hayden
44%
The Godfather: Part II Lee Strasberg
38%
Peggy Sue Got Married Jim Carrey
31%
The Outsiders, Rumble Fish Matt Dillon
31%
The Rainmaker, Megalopolis Jon Voight
25%
Apocalypse Now, Rumble Fish Laurence Fishburne
25%
Megalopolis Laurence Fishburne
25%
The Conversation, One from the Heart Teri Garr
25%
Twixt Bruce Dern
19%
Apocalypse Now, Rumble Fish Dennis Hopper
19%
Rumble Fish, Jack, The Cotton Club Diane Lane
19%
Peggy Sue Got Married Joan Allen
19%
Tucker: The Man and His Dream Joan Allen
19%
The Cotton Club Richard Gere
19%
Twixt Val Kilmer
19%
The Outsiders C. Thomas Howell
13%
The Rainmaker Danny Glover
13%
Twixt Elle Fanning
13%
Megalopolis Giancarlo Esposito
13%
The Outsiders Ralph Macchio
13%
Dracula Richard E. Grant
13%
Megalopolis Shia LaBeouf
13%
The Godfather, The Godfather: Part II Abe Vigoda
6%
Peggy Sue Got Married Barry Miller
6%
The Godfather: Part II Bruno Kirby
6%
Dracula Cary Elwes
6%
Peggy Sue Got Married Catherine Hicks
6%
The Rainmaker Claire Danes
6%
Apocalypse Now, The Conversation, One from the Heart Frederic Forrest
6%
The Godfather, The Godfather: Part II Gianni Russo
6%
Jack Jennifer Lopez
6%
Megalopolis Kathryn Hunter
6%
Rumble Fish, The Rainmaker Mickey Rourke
6%
Dracula Monica Bellucci
6%
One from the Heart Natassja Kinski
6%
Megalopolis Nathalie Emmanuel
6%
One from the Heart Raúl Juliá
6%
The Godfather Richard S. Castellano
6%
Dracula Sadie Frost
6%
Twixt Alden Ehrenreich
0%
The Conversation, The Cotton Club Allen Garfield
0%
The Godfather Al Lettieri
0%
Twixt Ben Chaplin
0%
Jack Bill Cosby
0%
Jack Brian Kerwin
0%
The Godfather: Part III Bridget Fonda
0%
The Godfather: Part III Eli Wallach
0%
Jack Fran Drescher
0%
The Godfather: Part III George Hamilton
0%
Megalopolis Grace VanderWaal
0%
The Cotton Club Gregory Hines
0%
Megalopolis, The Cotton Club James Remar
0%
Megalopolis Jason Schwartzman
0%
The Godfather: Part III Joe Mantegna
0%
Tucker: The Man and His Dream Martin Landau
0%
The Godfather: Part II Michael V. Gazzo
0%
The Rainmaker Roy Scheider
0%
No matching quizzes found
Score Distribution
Percent of People with Each Score
Percentile by Number Answered
Your Score History
You have not taken this quiz since the last reset